Vedecký komunizmus 11 Prechod od socializmu ku komunizmu

Podrobná bibliografia
Hlavný autor: Tuček, Stanislav, 1932-2002 (Autor)
Médium: Kniha
Jazyk:slovenčina
Fyzický popis:40, [1] s. 8°
Vydavateľské údaje: Bratislava SVTL 1959
Edícia:Dočasné vysokoškolské učebnice
Predmet:

MARC

LEADER 00000nam a2200000 a 4500
001 vtls008342050
003 SK-MaSNL
005 20260302003815.0
008 181127s1959 xo 000 slo
015 |a SKSNBA1960/02-00147 
035 |a SK01SNK19600034267 
035 |a SKM000036730 
040 |a SNK  |b slo  |c SNK  |e AACR2 
041 0 |a slo 
044 |a xo  |c SK 
080 |a 141.82(075.8)  |2 1981 
100 1 |a Tuček, Stanislav,  |d 1932-2002  |4 aut  |9 133876 
245 1 0 |a Vedecký komunizmus  |n 11  |p Prechod od socializmu ku komunizmu  |c Stanislav Tuček 
260 |a Bratislava  |b SVTL  |c 1959  |e Bratislava  |f Západoslovenské tlačiarne 
300 |a 40, [1] s.  |c 8° 
490 1 |a Dočasné vysokoškolské učebnice  |v zv. 410 
500 |a Lit. Pozn. Odkazy na lit. 
563 |a 1070 výtl. 
650 0 7 |a vedecký komunizmus  |2 SNKPH  |9 278493 
655 7 |a učebnice vysokých škôl  |2 SNKPH  |9 70191 
830 0 |a Dočasné vysokoškolské učebnice  |9 278602 
852 |a Slovenská národná knižnica v Martine  |b 10000  |h SD 16831 
958 |a OND 
958 |a TL 
958 |a RK 
958 |a NB 
958 |a UV 
999 |c 993448  |d 995378 
952 |a SNK  |b SNK  |y PREZ  |7 0  |p 17A0606935  |o snkSD 16831/11  |i snkKSP 219/60  |0 0  |1 0  |4 0  |d 2009-01-27  |l 0  |r 2025-12-01 00:00:00  |w 2026-02-24